| 000 | 00796nam a2200205 i 4500 | ||
|---|---|---|---|
| 001 | 59061 | ||
| 003 | ES-MaACL | ||
| 005 | 20250824063033.0 | ||
| 007 | t| | ||
| 008 | 031027s1919 sp ||||1| spa d | ||
| 100 | 1 |
_aEchegaray, Carmelo de, _d1865-1925 _946523 |
|
| 245 | 1 | 3 |
_aLa tradición artística del pueblo vasco _b: conferencia de D. Carmelo de Echegaray leída en la Sociedad Filarmónica de Bilbao el día 19 de enero de 1918. |
| 260 |
_aBilbao : _b[s.n.], _c1919 ( _fBilbaína de Artes Gráficas) |
||
| 300 |
_a66 p. ; _c25 cm. |
||
| 500 | _a"Conferencias organizadas por la Junta de Cultura Vasca para el ciclo de 1918" | ||
| 594 | _aEn la cub.: Diputación de Bizkaya. | ||
| 650 | 0 | 4 |
_aArte- _zPaís Vasco _910124 |
| 852 |
_aES-MaACL _j1583-F-18 |
||
| 999 |
_c59061 _d59061 |
||